000 01523nam a2200253 a 4500
001 BRCA_7515
005 20190320205853.0
008 090513m19441945sp-a###f##---#000-0#spa-#
041 _aspa
044 _asp
050 4 _aZ240
_b.C65 1944
245 1 0 _aColección de incunables americanos
_bSiglos XVI
_cintroducción por Ramón Menéndez Pidal.
260 _aMadrid
_bCultura Hispánica
_c1944-1945
300 _a11 v.
_bil.
_c26 cm.
500 _aOnce ejemplares diferentes inventariados por el Banco de México como un solo libro
500 _aObras editadas en facsímil
500 _aR57
505 0 _av.1 Introducción / Ramón Menéndez Pidal.-- v.2 Dialéctica Resolutio Cum Texti Aristotelis / Alfonso Avera Cruce.-- v.3 Provisiones: Cédulas instrucciones para el Gobierno de la Nueva España / Vasco de Puga.-- v.4 Vocabulario en lengua Castellana y Mejicana / Fray Alonso de Molina.-- v.5 Ordenanzas y Compilación leyes / Antonio de Mendoza.-- v.6 Arte de la lengua Mexicana y Castellana / Fray Alonso de Molina.-- v.7 Diálogos militares / Diego García de Palacio.-- v.8 Instrucción Náutica para navegar / Diego García de Palacio.-- v.9 Problemas y secretos maravillosos de las Indias / Juan de Cárdenas.-- v.10 Tractado breve de medicina / Fray Agustín Farfán.-- v.11 Arauco domado / Pedro de Oña
650 1 4 _aIncunables
_97417
650 1 4 _aBibliografía
_xPrimero libros impresos
_ySiglos XV-XVI
_918533
700 1 _aMenendez Pidal, Ramón
_eintr.
_918534
902 _aGFM
942 _2lcc
_cB
999 _c7189
_d7189